[Event "2nd Easter 4NCL Congress"]
[Site "Daventry"]
[Date "2022.04.17"]
[Round "4"]
[Board "14"]
[White "Llewellyn, Alan M"]
[Black "Ashworth, Steven M"]
[Result "1-0"]
[WhiteElo "1624"]
[BlackElo "1473"]
[PlyCount "61"]
[EventDate "2022.04.15"]
[EventRounds "7"]
[EventCountry "ENG"]

1. c4 Nf6 2. Nc3 Nc6 3. Nf3 e5 4. g3 Bc5 5. e3 O-O 6. Nxe5 d6 7. Nxc6 bxc6 8.
Bg2 Bg4 9. Qa4 Rb8 10. h3 Be6 11. d4 Bb4 12. Qxc6 Rb6 13. Qa4 Bxc4 14. a3 Bxc3+
15. bxc3 Bb3 16. Qxa7 Qb8 17. Qxb8 Rfxb8 18. O-O Bc2 19. f3 Nd5 20. c4 Nc3 21.
Bd2 Nb1 22. Bb4 c5 23. dxc5 dxc5 24. Bxc5 Rc6 25. Bb4 Nxa3 26. Rxa3 Rxb4 27.
Rc1 h6 28. Rc3 Rcxc4 29. R3xc2 Rxc2 30. Rxc2 Rb1+ 31. Kf2  1-0

[Event "2nd Easter 4NCL Congress"]
[Site "Daventry"]
[Date "2022.04.17"]
[Round "4"]
[Board "15"]
[White "Constable, John"]
[Black "Vaidyanathan, Sathya"]
[Result "1/2-1/2"]
[WhiteElo "1595"]
[BlackElo "1280"]
[PlyCount "61"]
[EventDate "2022.04.15"]
[EventRounds "7"]
[EventCountry "ENG"]

1. Nf3 Nc6 2. g3 d6 3. Bg2 e5 4. Nc3 Nf6 5. e4 Be7 6. O-O O-O 7. d4 exd4 8.
Nxd4 Bd7 9. Bg5 h6 10. Nxc6 Bxc6 11. Be3 a6 12. Qd2 Ng4 13. Rad1 Nxe3 14. Qxe3
Bf6 15. f4 Bxc3 16. Qxc3 f5 17. e5 Bxg2 18. Kxg2 Qe7 19. Rfe1 dxe5 20. Rxe5 Qf7
21. Red5 Qf6 22. Qb3 Qc6 23. Kh3 Kh8 24. Qd3 Qg6 25. Rd7 Rae8 26. Qf3 Re6 27.
Rd8 Rfe8 28. Rxe8+ Qxe8 29. Rd2 Re3 30. Rd8 Qxd8 31. Qxe3  1/2-1/2

[Event "2nd Easter 4NCL Congress"]
[Site "Daventry"]
[Date "2022.04.17"]
[Round "4"]
[Board "16"]
[White "Hu, Edward"]
[Black "Morris, Nigel W"]
[Result "0-1"]
[WhiteElo "1444"]
[BlackElo "1587"]
[PlyCount "108"]
[EventDate "2022.04.15"]
[EventRounds "7"]
[EventCountry "ENG"]

1. e4 c5 2. Nf3 d6 3. d4 cxd4 4. Nxd4 Nf6 5. Nc3 a6 6. Be3 e6 7. f4 Qc7 8. Qd2
b5 9. Bd3 Bb7 10. a3 Nbd7 11. Nf3 Rc8 12. O-O Be7 13. Rfe1 Ng4 14. h3 Nxe3 15.
Qxe3 O-O 16. Kh2 Bf6 17. Rg1 Bxc3 18. bxc3 Qxc3 19. g4 Qc6 20. g5 Nc5 21. h4
Nxe4 22. Raf1 g6 23. h5 Qc5 24. Qe1 d5 25. Ne5 Qe7 26. Qh4 Kg7 27. hxg6 fxg6
28. Qh6+ Kg8 29. Rg4 Qg7 30. Rfg1 Qxh6+ 31. gxh6 Rc7 32. Nxg6 hxg6 33. Rxg6+
Kh7 34. Rg7+ Rxg7 35. Rxg7+ Kxh6 36. Rxb7 Rxf4 37. Rb6 Nc5 38. Bxb5 axb5 39.
Rxb5 Rc4 40. Rb6 Rxc2+ 41. Kg1 Rc4 42. Rc6 Rc3 43. Kf1 Kg5 44. a4 Nxa4 45. Rxe6
Kf5 46. Re8 d4 47. Ke2 Nb2 48. Ra8 Nc4 49. Rd8 Ke4 50. Re8+ Ne5 51. Rd8 d3+ 52.
Kd2 Rc2+ 53. Kd1 Nc4 54. Rd7 Ne3+  0-1

[Event "2nd Easter 4NCL Congress"]
[Site "Daventry"]
[Date "2022.04.17"]
[Round "4"]
[Board "17"]
[White "Ward, Oliver J"]
[Black "Sartain, Patrick P"]
[Result "1-0"]
[WhiteElo "1415"]
[BlackElo "1570"]
[PlyCount "69"]
[EventDate "2022.04.15"]
[EventRounds "7"]
[EventCountry "ENG"]

1. d4 d6 2. c4 h6 3. e4 e6 4. Nc3 a6 5. Be3 Nf6 6. h3 Nbd7 7. f4 Be7 8. Nf3 O-O
9. Bd3 Nh7 10. Qd2 f5 11. O-O-O c6 12. g4 b5 13. gxf5 exf5 14. e5 Nb6 15. c5
dxc5 16. dxc5 Nd7 17. Qf2 b4 18. Na4 Qa5 19. b3 Qc7 20. Rhg1 Kh8 21. Qg3 g5 22.
Bd4 Bb7 23. Bc4 Rad8 24. Nh4 Kg7 25. e6+ Ndf6 26. Nxf5+ Kg6 27. Bd3 Rxd4 28.
Nxe7+ Kg7 29. Nf5+ Kh8 30. Nxd4 Qxf4+ 31. Qxf4 gxf4 32. Bxh7 Kxh7 33. Nf5 Rg8
34. Rxg8 Kxg8 35. Rd8+  1-0

[Event "2nd Easter 4NCL Congress"]
[Site "Daventry"]
[Date "2022.04.17"]
[Round "4"]
[Board "18"]
[White "Lloyd, Gregory"]
[Black "Beswick, Andrew"]
[Result "1-0"]
[WhiteElo "1498"]
[BlackElo "1684"]
[PlyCount "103"]
[EventDate "2022.04.15"]
[EventRounds "7"]
[EventCountry "ENG"]

1. d4 Nf6 2. c4 c5 3. d5 b5 4. cxb5 a6 5. e3 g6 6. Nc3 Bg7 7. Nf3 O-O 8. a4 d6
9. Be2 Bb7 10. e4 Ng4 11. O-O Qc7 12. h3 Ne5 13. Nxe5 Bxe5 14. Be3 Bg7 15. Qd2
Re8 16. Rab1 Nd7 17. f4 Reb8 18. bxa6 Bxa6 19. Nb5 Qd8 20. Qc2 Bb7 21. b3 Ba6
22. g4 Bc8 23. Bd2 Nf6 24. Bc3 Bd7 25. g5 Ne8 26. f5 Rb7 27. h4 Nc7 28. Nxc7
Qxc7 29. Bxg7 Kxg7 30. fxg6 hxg6 31. h5 e5 32. dxe6 Bxe6 33. Qc3+ Kg8 34. h6 f5
35. exf5 Bxf5 36. Bc4+ Kh7 37. Rb2 Qd7 38. Qf6 d5 39. Bb5 Qe7 40. Qxe7+ Rxe7
41. Kf2 d4 42. Re2 Rxe2+ 43. Kxe2 Rd8 44. Kd2 Rd6 45. Re1 Be6 46. Bc4 Bxc4 47.
bxc4 Rd8 48. Re5 Rf8 49. Rxc5 Rf2+ 50. Kd3 Rf4 51. a5 Rf8 52. a6  1-0

[Event "2nd Easter 4NCL Congress"]
[Site "Daventry"]
[Date "2022.04.17"]
[Round "4"]
[Board "19"]
[White "Griffin-Young, Sebastian"]
[Black "Constable, Christine F"]
[Result "0-1"]
[WhiteElo "1431"]
[BlackElo "1560"]
[PlyCount "118"]
[EventDate "2022.04.15"]
[EventRounds "7"]
[EventCountry "ENG"]

1. d4 Nf6 2. Bf4 d6 3. e3 g6 4. Nf3 Bg7 5. Bd3 O-O 6. O-O Nbd7 7. c3 Nh5 8. Bg5
Qe8 9. Qb3 c5 10. Bb5 a6 11. Qa4 Rb8 12. Bd3 b5 13. Qc2 Bb7 14. Nbd2 Nhf6 15.
a4 c4 16. Be2 Nb6 17. b3 cxb3 18. Qxb3 Nxa4 19. c4 Nb6 20. cxb5 Bd5 21. Qb2
axb5 22. Bxb5 Qd8 23. Rfc1 Na8 24. Bxf6 Bxf6 25. e4 Be6 26. Nb1 Nc7 27. Na3 Bd7
28. Rxc7 Qxc7 29. e5 dxe5 30. dxe5 Bg7 31. Qe2 Bxb5 32. Nxb5 Qd7 33. Nfd4 Qd5
34. Rd1 Qxe5 35. Qxe5 Bxe5 36. Re1 Bxd4 37. Nxd4 Rb7 38. g3 Rfb8 39. Kg2 e6 40.
Nc6 Ra8 41. Ne5 Ra2 42. Ng4 Kg7 43. Ne3 Rbb2 44. Rf1 h5 45. h4 Kf6 46. Kf3 Rb3
47. Kg2 Rxe3 48. Kh3 Ree2 49. Kg2 e5 50. Kg1 e4 51. Rb1 Rxf2 52. Rb6+ Kg7 53.
Rb1 Rg2+ 54. Kh1 Rxg3 55. Rb2 Rga3 56. Rb4 e3 57. Re4 Rb2 58. Ra4 Rxa4 59. Kg1
Ra1#  0-1

[Event "2nd Easter 4NCL Congress"]
[Site "Daventry"]
[Date "2022.04.17"]
[Round "4"]
[Board "20"]
[White "Cox, Lucian"]
[Black "Pasari, Rohan"]
[Result "1-0"]
[WhiteElo "1545"]
[BlackElo "1510"]
[PlyCount "129"]
[EventDate "2022.04.15"]
[EventRounds "7"]
[EventCountry "ENG"]

1. e4 e5 2. Nf3 Nc6 3. d4 exd4 4. Bc4 h6 5. O-O Bc5 6. c3 dxc3 7. Bxf7+ Kxf7 8.
Qd5+ Kf8 9. Qxc5+ d6 10. Qxc3 Nf6 11. e5 Ne4 12. Qa3 Kf7 13. exd6 Qxd6 14. Qxd6
Nxd6 15. Nc3 Re8 16. Bf4 Kg8 17. Nd5 Nb5 18. Nxc7 Nxc7 19. Bxc7 Bg4 20. Rfe1
Rac8 21. Ne5 Rxc7 22. Nxg4 Rd8 23. Rad1 Nd4 24. h3 Rcd7 25. Kh1 Rf8 26. Re4
Rfd8 27. Ne5 Rd5 28. Ng6 Nf5 29. Rxd5 Rxd5 30. Ne7+ Nxe7 31. Rxe7 Rb5 32. b3
Kf8 33. Rc7 Kg8 34. g4 a6 35. Rc4 Re5 36. Kg2 Kh7 37. b4 b5 38. Rc6 Re4 39. a3
a5 40. bxa5 Ra4 41. a6 Rxa3 42. Rb6 Ra5 43. Kg3 Ra3+ 44. f3 g5 45. Rb7+ Kg6 46.
a7 b4 47. h4 b3 48. h5+ Kf6 49. Rh7 Rxa7 50. Rxa7 b2 51. Rb7 Ke5 52. Rxb2 Kd4
53. Rb6 Ke3 54. Rxh6 Ke2 55. Re6+ Kd3 56. h6 Kd4 57. h7 Kd5 58. Rh6 Kd4 59.
h8=Q+ Ke3 60. Qe5+ Kd3 61. Rd6+ Kc4 62. Rd4+ Kc3 63. Qe3+ Kc2 64. Rd2+ Kc1 65.
Qe1#  1-0

[Event "2nd Easter 4NCL Congress"]
[Site "Daventry"]
[Date "2022.04.17"]
[Round "4"]
[Board "21"]
[White "Horspool, Ben"]
[Black "Dunne, David C"]
[Result "1-0"]
[WhiteElo "1525"]
[BlackElo "1497"]
[PlyCount "109"]
[EventDate "2022.04.15"]
[EventRounds "7"]
[EventCountry "ENG"]

1. d4 Nf6 2. Bf4 g6 3. Nc3 Bg7 4. Qd2 h6 5. e4 d6 6. O-O-O Nc6 7. Be2 Ng4 8.
Bxg4 Bxg4 9. f3 Bd7 10. Nge2 e5 11. Be3 Qe7 12. Nd5 Qd8 13. Kb1 Ne7 14. Ndc3 f5
15. dxe5 Bxe5 16. Bxh6 Ng8 17. Bf4 Bf6 18. exf5 Bxf5 19. Rhe1 Qd7 20. Nd4+ Ne7
21. Nxf5 Qxf5 22. Nd5 Kd7 23. Nxf6+ Qxf6 24. Bg5 Qf5 25. Rxe7+ Kc6 26. Qc3+ Qc5
27. Qxc5+ Kxc5 28. h3 Rh5 29. Bf4 Kc6 30. a3 Rf8 31. Bh2 Rg5 32. Rd2 Rff5 33.
Re4 Rd5 34. Rxd5 Rxd5 35. Kc1 b5 36. Bf4 a5 37. Bd2 Kb6 38. Rg4 Re5 39. Kd1 c5
40. Rxg6 Rd5 41. Rg8 c4 42. c3 Kc6 43. g4 Re5 44. h4 Re7 45. h5 Kd5 46. Ra8 a4
47. Rb8 Kc6 48. g5 Re5 49. h6 Kc7 50. Rf8 Re7 51. g6 Kd7 52. Rf7 Rxf7 53. gxf7
Ke7 54. h7 Kxf7 55. h8=Q  1-0

[Event "2nd Easter 4NCL Congress"]
[Site "Daventry"]
[Date "2022.04.17"]
[Round "4"]
[Board "22"]
[White "Cox, R David"]
[Black "Matilal, Tamal K"]
[Result "0-1"]
[WhiteElo "1400"]
[BlackElo "1451"]
[PlyCount "91"]
[EventDate "2022.04.15"]
[EventRounds "7"]
[EventCountry "ENG"]

1. e4 Nf6 2. e5 Nd5 3. c4 Nb6 4. c5 Nd5 5. Bc4 e6 6. d4 d6 7. cxd6 cxd6 8. Bxd5
exd5 9. f4 dxe5 10. fxe5 Bb4+ 11. Nc3 Nc6 12. Nf3 Bg4 13. O-O O-O 14. Qb3 Bxc3
15. bxc3 Na5 16. Qc2 Qc8 17. Ng5 g6 18. Bb2 Bf5 19. Qf2 Nc4 20. Qh4 h5 21. Qf2
a5 22. a3 b5 23. Rac1 Ra6 24. Ra1 f6 25. exf6 Raxf6 26. Nf3 Bd3 27. Rfd1 Be4
28. Bc1 Bxf3 29. gxf3 Rxf3 30. Qh4 Qf5 31. Bh6 Rf7 32. Rdc1 Kh7 33. Bg5 Rh3 34.
Rf1 Qxf1+ 35. Rxf1 Rxf1+ 36. Kxf1 Rxh4 37. Bxh4 Nxa3 38. Be7 Nb1 39. Ke1 Nxc3
40. Kd2 b4 41. Kc2 Kh6 42. Kb3 Nb5 43. Bf6 g5 44. Ka4 Kg6 45. Be5 Kf5 46. Kb3
 0-1

[Event "2nd Easter 4NCL Congress"]
[Site "Daventry"]
[Date "2022.04.17"]
[Round "4"]
[Board "23"]
[White "Keshari, Krish"]
[Black "Goldsmith, Jennifer"]
[Result "1-0"]
[WhiteElo "1218"]
[BlackElo "1431"]
[PlyCount "77"]
[EventDate "2022.04.15"]
[EventRounds "7"]
[EventCountry "ENG"]

1. e4 c6 2. Nf3 d5 3. exd5 cxd5 4. Ne5 Nf6 5. d4 Qc7 6. Bb5+ Nbd7 7. Bf4 Qa5+
8. Nc3 a6 9. Bd3 Qb6 10. Nxd7 Bxd7 11. Qd2 Qxd4 12. O-O e5 13. Rfe1 e4 14. Kh1
Be7 15. Be3 Qe5 16. Be2 O-O 17. Bd4 Qc7 18. Bxf6 Bxf6 19. Nxd5 Qc6 20. Nxf6+
gxf6 21. c3 Kh8 22. Bd1 Bf5 23. Bb3 Rad8 24. Qf4 Bg6 25. h3 Qd6 26. Qxd6 Rxd6
27. Rad1 Rfd8 28. Rxd6 Rxd6 29. Rd1 Rxd1+ 30. Bxd1 b6 31. Kh2 Kg7 32. Kg3 h6
33. b4 Bf5 34. Kf4 Kg6 35. Bh5+ Kxh5 36. Kxf5 e3 37. fxe3 Kh4 38. Kxf6 Kg3 39.
Kxf7  1-0

[Event "2nd Easter 4NCL Congress"]
[Site "Daventry"]
[Date "2022.04.17"]
[Round "4"]
[Board "25"]
[White "Veeturi, Yashvardhan"]
[Black "Patel, Diah Dipal"]
[Result "0-1"]
[WhiteElo "1165"]
[BlackElo "1318"]
[PlyCount "92"]
[EventDate "2022.04.15"]
[EventRounds "7"]
[EventCountry "ENG"]

1. e4 e5 2. Nf3 Nc6 3. d4 exd4 4. Nxd4 Nxd4 5. Qxd4 Nf6 6. Bg5 Be7 7. Nc3 d6 8.
h3 h6 9. Bh4 g5 10. Bg3 Be6 11. O-O-O c5 12. Qd2 a5 13. Bxd6 a4 14. Bb5+ Bd7
15. e5 Bxb5 16. exf6 Bxd6 17. Rhe1+ Kf8 18. Qxd6+ Qxd6 19. Rxd6 Bc6 20. Red1
Ke8 21. Nd5 Bxd5 22. R6xd5 Rg8 23. Rxc5 Rg6 24. Re5+ Kf8 25. Ra5 Rc8 26. Rd6 g4
27. h4 g3 28. f3 Re8 29. Kd2 Kg8 30. Rxa4 b5 31. Rad4 Kh7 32. Rg4 Reg8 33. Rxg6
fxg6 34. Rd7+ Kh8 35. f7 Rf8 36. Re7 Kg7 37. Kc3 Rc8+ 38. Kb4 Rxc2 39. Kb3 Rxg2
40. Re1 Rf2 41. Rg1 Rxf3+ 42. Kc2 Rf2+ 43. Kd1 g2 44. Ke1 Rxb2 45. a3 Kxf7 46.
Kd1 Rb1+  0-1

[Event "2nd Easter 4NCL Congress"]
[Site "Daventry"]
[Date "2022.04.17"]
[Round "5"]
[Board "1"]
[White "Jenkins, Theo"]
[Black "Jerome, Stelio"]
[Result "1-0"]
[WhiteElo "1598"]
[BlackElo "1494"]
[PlyCount "103"]
[EventDate "2022.04.15"]
[EventRounds "7"]
[EventCountry "ENG"]

1. e4 c5 2. Nf3 d6 3. d4 cxd4 4. Nxd4 Nf6 5. Bd3 Nc6 6. c3 g6 7. h3 Bg7 8. Be3
Bd7 9. O-O O-O 10. Qd2 Re8 11. Bh6 Bh8 12. Re1 Rc8 13. Nf3 Qc7 14. Na3 a6 15.
Nc2 Na5 16. Ne3 b5 17. Rac1 Bc6 18. Nc2 Nd7 19. Nb4 Nc5 20. Nxc6 Nxc6 21. Bf1
Rcd8 22. Nd4 Qb7 23. Nxc6 Qxc6 24. Qd5 Qd7 25. e5 e6 26. Qd4 Qc7 27. exd6 Rxd6
28. Qe3 Rd5 29. Rcd1 Red8 30. Rxd5 Rxd5 31. Qf3 Qd8 32. Be3 Rf5 33. Qc6 Na4 34.
Qxa6 Nxb2 35. Bxb5 Bxc3 36. Rc1 Qb8 37. Rxc3 Qxb5 38. Qc8+ Kg7 39. Rb3 Qe2 40.
Qc3+ e5 41. Rxb2 Qd1+ 42. Kh2 Qd6 43. Rd2 Qf6 44. a4 g5 45. g3 h5 46. Qb4 Qg6
47. Qd6 Qh7 48. Rd5 g4 49. Rxe5 gxh3 50. Qh6+ Qxh6 51. Bxh6+ Kxh6 52. Rxf5  1-0

[Event "2nd Easter 4NCL Congress"]
[Site "Daventry"]
[Date "2022.04.17"]
[Round "5"]
[Board "2"]
[White "Cotterell, David M"]
[Black "Homer, Neil S"]
[Result "0-1"]
[WhiteElo "1541"]
[BlackElo "1692"]
[PlyCount "124"]
[EventDate "2022.04.15"]
[EventRounds "7"]
[EventCountry "ENG"]

1. c4 e6 2. g3 d5 3. cxd5 exd5 4. Bg2 c5 5. e3 Nc6 6. Ne2 Nf6 7. O-O Be7 8. d4
c4 9. Nbc3 O-O 10. Nf4 Be6 11. Nxe6 fxe6 12. Bd2 Qd7 13. Ne2 Bd6 14. f3 Bc7 15.
Bc3 b5 16. a3 h6 17. e4 Bb6 18. Kh1 dxe4 19. fxe4 Ng4 20. Qd2 Nf2+ 21. Kg1 Nd3
22. e5 Ndxe5 23. Bxc6 Qxc6 24. Qe3 Nd3 25. Nf4 Nxf4 26. Rxf4 Rxf4 27. Qxf4 Rf8
28. Qe5 Rf5 29. Qe3 Rf3 30. Qe5 Rf5 31. Qe3 e5 32. Rd1 exd4 33. Bxd4 Bxd4 34.
Rxd4 Qf6 35. Qe8+ Qf8 36. Qe6+ Qf7 37. Qc8+ Kh7 38. Rd2 Rf1+ 39. Kg2 Qf3+ 40.
Kh3 Qf5+ 41. Qxf5+ Rxf5 42. Kg2 Rf6 43. Rd4 a6 44. a4 Rc6 45. axb5 axb5 46. Rd5
b4 47. Rd2 c3 48. bxc3 bxc3 49. Rc2 Kg6 50. Kf3 Kf5 51. h3 h5 52. Ke3 g5 53.
Rf2+ Ke5 54. Kd3 c2 55. Re2+ Kd5 56. Rxc2 Rxc2 57. Kxc2 Ke4 58. g4 hxg4 59.
hxg4 Kf4 60. Kd2 Kxg4 61. Ke2 Kh3 62. Kf1 Kh2  0-1

[Event "2nd Easter 4NCL Congress"]
[Site "Daventry"]
[Date "2022.04.17"]
[Round "5"]
[Board "3"]
[White "Sagar, Aneesh"]
[Black "Hariharan, Shambavi"]
[Result "0-1"]
[WhiteElo "1580"]
[BlackElo "1466"]
[PlyCount "136"]
[EventDate "2022.04.15"]
[EventRounds "7"]
[EventCountry "ENG"]

1. e4 c6 2. d4 d5 3. e5 c5 4. Nf3 Nc6 5. dxc5 Bg4 6. Be2 e6 7. Bf4 Bxc5 8. O-O
Nge7 9. Nbd2 O-O 10. Nb3 Bb6 11. c3 Bxf3 12. Bxf3 Ng6 13. Qd2 Ncxe5 14. Bxe5
Nxe5 15. Qf4 Bc7 16. Qe3 Nc4 17. Qe2 Re8 18. Rad1 Rc8 19. Rfe1 h6 20. Rd4 Qf6
21. Nc5 b6 22. Nd3 Red8 23. g3 b5 24. Nf4 Bxf4 25. Rxf4 Qe7 26. b3 Nb6 27. Qxb5
Rxc3 28. Bg4 Qc5 29. Qe2 Qc6 30. Bh5 Rf8 31. Rg4 Nd7 32. Rf4 e5 33. Rf5 g6 34.
Bxg6 fxg6 35. Rxf8+ Kxf8 36. Qg4 e4 37. Qf4+ Kg7 38. Qd2 Rd3 39. Qb4 Kf7 40.
Qa3 Qc5 41. Qa4 Ne5 42. Rf1 Rf3 43. Qa6 Qb6 44. Qc8 Kg7 45. Qe8 Nd3 46. Qd7+
Rf7 47. Qxd5 Nxf2 48. Qe5+ Kh7 49. Kg2 e3 50. Qd5 Qb7 51. Qxb7 Rxb7 52. Re1 Re7
53. Kf3 Nd3 54. Re2 Nc1 55. Rxe3 Rxe3+ 56. Kxe3 Nxa2 57. Kd4 h5 58. Kc4 Kh6 59.
b4 Kg5 60. b5 Kg4 61. Kb3 Nc1+ 62. Ka4 Ne2 63. Ka5 Nd4 64. Ka6 Nxb5 65. Kxb5
Kh3 66. g4 hxg4 67. Ka6 Kxh2 68. Kxa7 g3  0-1

[Event "2nd Easter 4NCL Congress"]
[Site "Daventry"]
[Date "2022.04.17"]
[Round "5"]
[Board "4"]
[White "Wall, Robert"]
[Black "Dias, Yan A"]
[Result "1-0"]
[WhiteElo "1673"]
[BlackElo "1525"]
[PlyCount "101"]
[EventDate "2022.04.15"]
[EventRounds "7"]
[EventCountry "ENG"]

1. d4 g6 2. Bf4 Bg7 3. Nf3 d6 4. Qd2 Nd7 5. e4 c5 6. c3 Qb6 7. dxc5 Nxc5 8. Be3
Nxe4 9. Bxb6 Nxd2 10. Nbxd2 axb6 11. Bc4 Nh6 12. O-O O-O 13. Rfe1 e6 14. h3 d5
15. Bb5 Nf5 16. Nb3 Nd6 17. Bd3 Nc4 18. Re2 Re8 19. a3 Bd7 20. Nfd4 e5 21. Bxc4
exd4 22. Rxe8+ Rxe8 23. Bxd5 dxc3 24. bxc3 Bc6 25. Bxc6 bxc6 26. Nd4 c5 27. Nb5
Re2 28. Rc1 Bh6 29. Rd1 Bf4 30. g3 Rb2 31. c4 Rd2 32. Rxd2 Bxd2 33. Kf1 f5 34.
Ke2 Ba5 35. f3 Kf7 36. Ke3 g5 37. g4 Kf6 38. Nd6 fxg4 39. hxg4 Ke6 40. Ne4 h6
41. Ng3 Kf6 42. Ke4 Be1 43. Nf5 Kg6 44. Ne7+ Kf6 45. Nd5+ Kg6 46. Nxb6 h5 47.
gxh5+ Kxh5 48. Nd7 Bb4 49. axb4 cxb4 50. Nc5 Kh4 51. Nb3  1-0

[Event "2nd Easter 4NCL Congress"]
[Site "Daventry"]
[Date "2022.04.17"]
[Round "5"]
[Board "5"]
[White "Mckay, Ruairidh"]
[Black "Bullock, Lee"]
[Result "1-0"]
[WhiteElo "1544"]
[BlackElo "1579"]
[PlyCount "73"]
[EventDate "2022.04.15"]
[EventRounds "7"]
[EventCountry "ENG"]

1. d4 Nf6 2. c4 e6 3. Nc3 d5 4. cxd5 exd5 5. Bg5 c6 6. e3 h6 7. Bh4 Bb4 8. Qc2
Nbd7 9. Bd3 Qa5 10. Nge2 b6 11. O-O Ba6 12. a3 Bxd3 13. Qxd3 Bxc3 14. Nxc3 b5
15. e4 O-O 16. e5 Nh7 17. f4 f5 18. Be7 Rfe8 19. Bb4 Qb6 20. Kh1 a5 21. Bd6
Ndf8 22. Bc5 Qc7 23. Qxf5 Ne6 24. Qd3 Nxc5 25. dxc5 Qe7 26. b4 axb4 27. axb4
Rxa1 28. Rxa1 Nf6 29. h3 Nh5 30. Rf1 Qh4 31. Ne2 Rf8 32. g4 Nxf4 33. Nxf4 g5
34. Ng6 Rxf1+ 35. Qxf1 Qg3 36. Qf8+ Kh7 37. Qf7#  1-0

[Event "2nd Easter 4NCL Congress"]
[Site "Daventry"]
[Date "2022.04.17"]
[Round "5"]
[Board "6"]
[White "Szydlowski, Sebastien"]
[Black "Collyer, David"]
[Result "0-1"]
[WhiteElo "1681"]
[BlackElo "1663"]
[PlyCount "64"]
[EventDate "2022.04.15"]
[EventRounds "7"]
[EventCountry "ENG"]

1. b3 e5 2. Bb2 Nc6 3. e3 Nf6 4. Bb5 d6 5. Ne2 Bd7 6. d4 exd4 7. Nxd4 Nxd4 8.
Bxd7+ Qxd7 9. Bxd4 Be7 10. Nd2 O-O 11. O-O c5 12. Bb2 d5 13. e4 d4 14. f4 Ng4
15. Rf3 Ne3 16. Qc1 Qg4 17. g3 Bh4 18. Kh1 Be7 19. c3 Rac8 20. Qg1 Rfd8 21. Qf2
Bf6 22. e5 Be7 23. Nf1 Nxf1 24. Rxf1 Qf5 25. cxd4 cxd4 26. Bxd4 Rc2 27. Qg1 Qe4
28. Be3 Rd3 29. R1f2 Rxe3 30. Rxc2 Qxf3+ 31. Rg2 Re2 32. h4 Bc5  0-1

[Event "2nd Easter 4NCL Congress"]
[Site "Daventry"]
[Date "2022.04.17"]
[Round "5"]
[Board "7"]
[White "Webster, Vivien"]
[Black "Loyden, Gary"]
[Result "1/2-1/2"]
[WhiteElo "1653"]
[BlackElo "1526"]
[PlyCount "40"]
[EventDate "2022.04.15"]
[EventRounds "7"]
[EventCountry "ENG"]

1. d4 Nf6 2. c4 g6 3. Nc3 Bg7 4. e3 O-O 5. Bd3 d6 6. Nge2 c5 7. O-O cxd4 8.
exd4 b6 9. Be4 Nxe4 10. Nxe4 Bb7 11. N4g3 Nd7 12. Be3 Nf6 13. Rc1 Rc8 14. b3
Ng4 15. Nf4 Nxe3 16. fxe3 Qd7 17. Qe2 e5 18. dxe5 dxe5 19. Rcd1 Qc7 20. Nd5
Bxd5  1/2-1/2

[Event "2nd Easter 4NCL Congress"]
[Site "Daventry"]
[Date "2022.04.17"]
[Round "5"]
[Board "8"]
[White "Ward, Oliver J"]
[Black "Llewellyn, Alan M"]
[Result "1/2-1/2"]
[WhiteElo "1415"]
[BlackElo "1624"]
[PlyCount "76"]
[EventDate "2022.04.15"]
[EventRounds "7"]
[EventCountry "ENG"]

1. d4 Nf6 2. c4 g6 3. Nc3 d5 4. cxd5 Nxd5 5. e4 Nxc3 6. bxc3 Bg7 7. Bg5 c5 8.
Rc1 Qa5 9. Qd2 cxd4 10. cxd4 Qxd2+ 11. Bxd2 Nc6 12. d5 Nd4 13. Ne2 Nxe2 14.
Bxe2 Bd7 15. Rc7 b5 16. f4 Kd8 17. Ba5 Ke8 18. O-O Rc8 19. Rxc8+ Bxc8 20. Bxb5+
Bd7 21. Bxd7+ Kxd7 22. e5 Rc8 23. Rd1 Rc4 24. Bd2 Rd4 25. e6+ fxe6 26. dxe6+
Kxe6 27. Re1+ Kf7 28. Bc3 Rd7 29. Bxg7 Kxg7 30. Kf2 Rd2+ 31. Re2 Rxe2+ 32. Kxe2
Kf6 33. g4 e5 34. Ke3 exf4+ 35. Kxf4 h6 36. h4 g5+ 37. hxg5+ hxg5+ 38. Ke4 Ke6
 1/2-1/2

[Event "2nd Easter 4NCL Congress"]
[Site "Daventry"]
[Date "2022.04.17"]
[Round "5"]
[Board "9"]
[White "Vaidyanathan, Adithya"]
[Black "Holyhead, James"]
[Result "1-0"]
[WhiteElo "1590"]
[BlackElo "1510"]
[PlyCount "51"]
[EventDate "2022.04.15"]
[EventRounds "7"]
[EventCountry "ENG"]

1. Nf3 d5 2. d4 Nf6 3. c4 c6 4. Nc3 a6 5. Bf4 Bf5 6. e3 e6 7. c5 Nbd7 8. Bd3
Bxd3 9. Qxd3 Nh5 10. Bg5 Be7 11. h4 h6 12. Bxe7 Qxe7 13. g4 Nhf6 14. Ke2 Nxg4
15. Rag1 f5 16. Nd2 O-O-O 17. a4 a5 18. b4 axb4 19. Na2 Kc7 20. Nxb4 Ra8 21.
Rb1 Rhb8 22. Qa3 e5 23. a5 exd4 24. a6 Qxc5 25. Rhc1 Qe7 26. Nxd5+  1-0

[Event "2nd Easter 4NCL Congress"]
[Site "Daventry"]
[Date "2022.04.17"]
[Round "5"]
[Board "10"]
[White "Morris, Nigel W"]
[Black "Wilson, Jeff"]
[Result "1-0"]
[WhiteElo "1587"]
[BlackElo "1447"]
[PlyCount "72"]
[EventDate "2022.04.15"]
[EventRounds "7"]
[EventCountry "ENG"]

1. c4 Nf6 2. Nc3 e6 3. e4 d6 4. d4 Nbd7 5. Be2 e5 6. d5 h6 7. Be3 Be7 8. Rc1
O-O 9. b4 a6 10. Nf3 Re8 11. Nd2 Nf8 12. c5 dxc5 13. bxc5 Ng6 14. O-O Bf8 15.
Nc4 Nf4 16. Bf3 g5 17. g3 Ng6 18. Qe2 g4 19. Bg2 h5 20. Rfd1 Nh7 21. d6 Be6 22.
Nd5 Bxd5 23. Rxd5 c6 24. Rd3 f6 25. h3 Rb8 26. hxg4 h4 27. Nb6 Re6 28. Rcd1 Bg7
29. Qf3 Nhf8 30. d7 hxg3 31. Qxg3 Ne7 32. Bh3 Neg6 33. g5 Re7 34. gxf6 Bxf6 35.
Bh6 Kf7 36. Rd6 Bg7  1-0

[Event "2nd Easter 4NCL Congress"]
[Site "Daventry"]
[Date "2022.04.17"]
[Round "5"]
[Board "11"]
[White "Dos Santos Silva, Bruno Alexandre"]
[Black "Keshari, Rohit"]
[Result "0-1"]
[WhiteElo "1647"]
[BlackElo "1182"]
[PlyCount "84"]
[EventDate "2022.04.15"]
[EventRounds "7"]
[EventCountry "ENG"]

1. d4 d5 2. Nc3 e6 3. Bf4 Bd6 4. e3 c6 5. Nf3 f5 6. Ne5 Nf6 7. Be2 O-O 8. g4
Bxe5 9. Bxe5 Nbd7 10. Bf4 Ne4 11. Nxe4 dxe4 12. g5 g6 13. h4 Rf7 14. Bc4 Nb6
15. Bb3 Nd5 16. Bxd5 exd5 17. Qd2 a5 18. h5 Rg7 19. O-O-O Bd7 20. hxg6 Rxg6 21.
Rh6 Be8 22. Rdh1 Rxh6 23. Rxh6 Bg6 24. Kb1 b5 25. Qc3 Qb6 26. Qe1 c5 27. dxc5
Qxc5 28. Be5 b4 29. Rxg6+ hxg6 30. Qh1 Qf8 31. Qh8+ Kf7 32. Qf6+ Ke8 33. Qxg6+
Kd7 34. Qb6 Rc8 35. Qxa5 Qc5 36. Qa4+ Ke6 37. Bd4 Qc4 38. a3 Qf1+ 39. Ka2 bxa3
40. Qxa3 Qc4+ 41. Qb3 Ra8+ 42. Kb1 Qf1#  0-1

[Event "2nd Easter 4NCL Congress"]
[Site "Daventry"]
[Date "2022.04.17"]
[Round "5"]
[Board "12"]
[White "Liu, Jacob"]
[Black "Maher, Mike P"]
[Result "1-0"]
[WhiteElo "1415"]
[BlackElo "1692"]
[PlyCount "61"]
[EventDate "2022.04.15"]
[EventRounds "7"]
[EventCountry "ENG"]

1. e4 c6 2. d4 d5 3. Nc3 dxe4 4. Nxe4 Nf6 5. Nxf6+ exf6 6. c3 Qe7+ 7. Be3 Qc7
8. Qc2 Bd6 9. Nf3 Nd7 10. Bd3 h6 11. O-O-O b5 12. Rhe1 O-O 13. h4 Bf4 14. g4
Bxe3+ 15. fxe3 Re8 16. g5 fxg5 17. hxg5 hxg5 18. Nxg5 Qg3 19. Ne4 Qh3 20. Qf2
Qe6 21. Ng5 Qxa2 22. Rh1 Nf6 23. Qh4 Kf8 24. Qf4 Qd5 25. e4 Qd7 26. e5 Nd5 27.
Rh8+ Ke7 28. Qxf7+ Kd8 29. Rxe8+ Qxe8 30. Qxg7 Be6 31. Rh1  1-0

[Event "2nd Easter 4NCL Congress"]
[Site "Daventry"]
[Date "2022.04.17"]
[Round "5"]
[Board "13"]
[White "Wallman, James"]
[Black "Horspool, Ben"]
[Result "0-1"]
[WhiteElo "1601"]
[BlackElo "1525"]
[PlyCount "92"]
[EventDate "2022.04.15"]
[EventRounds "7"]
[EventCountry "ENG"]

1. e4 e5 2. Nf3 Nc6 3. Bc4 Bc5 4. c3 d6 5. b4 Bb6 6. a4 a6 7. a5 Ba7 8. Qb3 Qe7
9. d3 h6 10. O-O Nf6 11. h3 O-O 12. Be3 Be6 13. Bxa7 Rxa7 14. Nbd2 Raa8 15. Nh2
Qd7 16. Bxe6 fxe6 17. Qd1 Ne7 18. f4 exf4 19. Rxf4 e5 20. Rf2 Ng6 21. Ndf3 Rae8
22. Nf1 Nf4 23. Ne3 Qb5 24. Rd2 Rf7 25. Rb1 Ref8 26. c4 Qd7 27. Qf1 N6h5 28.
Nf5 Rf6 29. Rbd1 Kh7 30. d4 exd4 31. Rxd4 g6 32. N5h4 Ng3 33. Qf2 Nge2+ 34. Kh2
Nxd4 35. Qxd4 Nxh3 36. gxh3 Rxf3 37. Nxf3 Rxf3 38. Kg2 Qxh3+ 39. Kg1 Qg3+ 40.
Kh1 Rf2 41. Qxf2 Qxf2 42. Rg1 Qh4+ 43. Kg2 Qxe4+ 44. Kh2 Qh4+ 45. Kg2 Qg4+ 46.
Kh1 Qh3#  0-1